000
00308nam a2200133Ia 4500
005
20260326235501.0
008
260326s9999||||xx |||||||||||||| ||und||
100
_a
Mason, Colin
245
2
_a
A short History of Asia /
_c
Colin Mason
260
_b
Palgrave
300
_a
318 p.
650
_a
ASIA
942
_c
BK
999
_c
8065
_d
8065